00553cam a22001692 4500001001100000005001700011008004100028020001700069040001500086110006800101245006400169250001200233260004100245300001500286650002800301650005400329000001858320151021151127.0100211s xx 000 0 eng d a0751763614 : aKABUcKABU2 aThe Association of Chartered Certified Accountants.@000016124210aAccountant in business :bACCA paper F1 study text /cACCA. a3rd ed. aLondon :bBPP Learning Media,c2009. ax, 438 p. 0aAccounting.@0000148321 0aAccountingxProblems, exercises, etc.@0000156243